000 00581nam a2200181 i 4500
001 129057
003 ES-MaACL
005 20250808225842.0
007 t|
008 070605s1916 sp ||||1| spa d
100 1 _aTejera y Magnin, Lorenzo de la.
_9109589
245 1 0 _aEstudios penitenciarios desde el punto de vista del ingeniero /
_cLorenzo de la Tejera y Magnin.
260 _aMadrid :
_bMemorial del Ingeniero,
_c1916.
300 _a239 p. ;
_c25 cm.
650 7 _aEstablecimientos penitenciarios
_2embne
_912513
852 _aES-MaACL
_jF-942
999 _c129057
_d129057